Statistics for Fifa 22 Top 50 European Players

Click here to take the quiz!

General Stats

  • This quiz has been taken 239 times
  • The average score is 43 of 50

Answer Stats

RatingClubNationPlayer% Correct
91Manchester UnitedPortugalCristiano Ronaldo
100%
90Tottenham HotspurEnglandHarry Kane
100%
91Manchester CityBelgiumKevin De Bruyne
99%
91PSGFranceKylian Mbappe
99%
92Bayern MunichPolandRobert Lewandowski
99%
91Atletico MadridSloveniaJan Oblak
98%
88Borussia DortmundNorwayErling Haaland
97%
90Bayern MunichGermanyManuel Neuer
97%
90ChelseaFranceN'Golo Kante
97%
89LiverpoolNetherlandsVirgil Van Dijk
97%
88Manchester UnitedPortugalBruno Fernandes
96%
89Real MadridFranceKarim Benzema
96%
90FC BarcelonaGermanyMarc-Andre Ter Stegen
95%
89Real MadridBelgiumThibaut Courtois
95%
87Real MadridCroatiaLuka Modric
94%
89PSGItalyGianluigi Donnarumma
93%
89Bayern MunichGermanyJoshua Kimmich
93%
87PSGItalyMarco Verratti
93%
87Bayern MunichGermanyThomas Muller
93%
87FC BarcelonaNetherlandsFrenkie De Jong
92%
88Real MadridGermanyToni Kroos
92%
87LiverpoolScotlandAndrew Robertson
91%
86Leicester CityEnglandJamie Vardy
91%
87Manchester CityPortugalRuben Dias
90%
88PSGSpainSergio Ramos
90%
87Tottenham HotspurFranceHugo Lloris
89%
88ChelseaBelgiumRomelu Lukaku
89%
86LiverpoolSpainThiago Alcantara
89%
86Manchester CityPortugalBernardo Silva
87%
87Manchester UnitedFrancePaul Pogba
87%
87LiverpoolEnglandTrent Alexander-Arnold
86%
88Manchester CityEnglandRaheem Sterling
85%
87LatiumItalyCiro Immobile
81%
86Manchester CityPortugalJoao Cancelo
80%
87Bayern MunichGermanyLeon Goretzka
80%
86Bayern MunichFranceKingsley Coman
78%
86Manchester UnitedFranceRaphael Varane
78%
86Manchester CitySpainRodri
77%
87Manchester UnitedEnglandJadon Sancho
75%
86Piemonte CalcioItalyGiorgio Chiellini
74%
86NapoliItalyLorenzo Insigne
72%
86FC BarcelonaSpainSergio Busquets
72%
87Piemonte CalcioPolandWojciech Szczesny
70%
86Borussia DortmundGermanyMats Hummels
69%
86Inter MilanSlovakiaMilan Skriniar
69%
86Manchester CitySpainAymeric Laporte
68%
86Villarreal CFSpainGerard Moreno
67%
86FC BarcelonaSpainJordi Alba
67%
86Villarreal CFSpainDaniel Parejo
60%
86Atletico MadridSpainMarcos Llorente
54%

Score Distribution

Percentile by Number Answered

Percent of People with Each Score

Your Score History

You have not taken this quiz